Russian History Trivia - Statistics

General Stats
  • This quiz has been taken 167 times
  • The average score is 33 of 45
Answer Stats
Question Answer % Correct
Name any of the 3 main countries Russia fought against in the Crimean War United Kingdom | France | Ottoman Empire
98%
In 2014, Russia annexed this region from Ukraine Crimea
95%
"Mad Monk" and friend of the tsar's family who was very hard to kill Grigori Rasputin
92%
Dynasty which ruled from 1613-1917 Romanov
92%
In 1867, Russia sold this "icebox" territory to the U.S. Alaska
91%
Country the Soviet Union signed a non-aggression pact with in 1939; it would soon be broken Germany
91%
The 1st tsar of Russia, not "Great" per say Ivan the Terrible
91%
The 2 tsars with the name "Great" Peter the Great
90%
In 1905, Russia lost a war to this country, stunning the world Japan
89%
Final tsar of Russia who was overthrown in the above and executed Nicolas II
89%
Country of 1962 missile crisis Cuba
88%
The last time Moscow was captured by a foreign power was under this conqueror in 1812 Napoleon
88%
Former name of Volgograd; its 1943 battle marked a turning point in WW2 Stalingrad
88%
The Winter War, within WW2, was fought with this country Finland
84%
These conquerors invaded Russia in 1237; the Khan of the Golden Horde would rule until 1480 Mongols
84%
1986 nuclear disaster Chernobyl
82%
Former name of St. Petersburg Leningrad
82%
Final leader of the Soviet Union from 1985-1991 Mikhail Gorbachev
82%
Satellite launched in 1957 Sputnik 1
81%
Catherine the Great
80%
Leader of the Soviet Union from 1953-1964 Nikita Khrushchev
80%
Leo Tolstoy's most famous novel War and Peace
80%
Vladimir Putin was of this intelligence branch KGB
79%
Country which the Soviet Union invaded in 1979, ending a period of Cold War détente Afghanistan
78%
Tsar assassinated in 1881 from a bomb attack; he had abolished serfdom 20 years earlier Alexander II
77%
George Orwell allegorical novella about the Soviet Union Animal Farm
77%
1st president of post-Soviet Russia Boris Yeltsin
75%
Leon Trotsky was assassinated while living in exile in this country Mexico
73%
Complete the Ronald Reagan quote: "...tear down this ____" Wall
73%
1st man in space in 1961 Yuri Gagarin
72%
Fyodor Dostoevsky's most famous novel Crime and Punishment
71%
Soviet forces crushed a pro-democracy uprising in this country in 1956 Hungary
66%
Nickname of the Bolshevik Revolution in 1917 October Revolution
66%
A liberalization "Spring" named for this city in 1968 caused the Soviet Union and their Warsaw Pact allies to invade Czechoslovakia Prague
63%
Railroad network developed in 1891 Trans-Siberian
63%
Leader of the Soviet Union from 1964-1982 Leonid Brezhnev
62%
Country which Lenin was living in prior to the Bolshevik Revolution Switzerland
61%
Due to the above, the U.S. boycotted the 1980 Moscow Olympics; the Soviet Union would respond by boycotting the 1984 Olympics in this city Los Angeles
59%
The Soviet withdrawal from the above country would allow this group to eventually take control for the first time in 1996 Taliban
56%
Breakaway republic which Russia invaded on 2 separate occasions Chechnya
52%
Stalin's 1937 campaign to eliminate opposition; hundreds of thousands were killed Great Purge/Great Terror
52%
Most powerful bomb ever tested, over a thousand times more powerful than those used on Hiroshima and Nagasaki Tsar Bomba
46%
Name either of the 2 leaders who ruled briefly during the period from 1982-1985 Yuri Andropov | Konstantin Chernenko
42%
Russian opposition leader who died in prison in 2024 Alexei Navalny
34%
Mercenary group led by Yevgeny Prigozhin until his death Wagner Group
32%
No matching quizzes found
Score Distribution
Percent of People with Each Score
Percentile by Number Answered
Your Score History
You have not taken this quiz